Catálogo
 En Linea

Guía métodos anticonceptivos. / (Registro nro. 40174)

Detalles MARC
000 -CABECERA
campo de control de longitud fija 00634nam a2200181 a 4500
001 - NÚMERO DE CONTROL
campo de control 000040684
005 - FECHA Y HORA DE LA ÚLTIMA TRANSACCIÓN
campo de control 20201002034313.0
008 - DATOS DE LONGITUD FIJA--INFORMACIÓN GENERAL
campo de control de longitud fija 130905s2005 sp a 000 0 spa d
020 ## - NÚMERO INTERNACIONAL ESTÁNDAR DEL LIBRO
Número Internacional Estándar del Libro 9788469528051
040 ## - FUENTE DE LA CATALOGACIÓN
Centro catalogador/agencia de origen DO-SdBNP
Lengua de catalogación spa
Centro/agencia transcriptor BNPHU
082 ## - NÚMERO DE LA CLASIFICACIÓN DECIMAL DEWEY
Número de clasificación xxxx
Número de documento/Ítem xxxx
100 1# - ENTRADA PRINCIPAL--NOMBRE DE PERSONA
Nombre de persona Bonilla Fernández, Eva María
9 (RLIN) 67054
245 10 - MENCIÓN DE TÍTULO
Título Guía métodos anticonceptivos. /
Mención de responsabilidad, etc. Eva María Bonilla Fernández, Ana María López Jiménez, Carmen Aguilar Cobo.
260 ## - PUBLICACIÓN, DISTRIBUCIÓN, ETC.
Lugar de publicación, distribución, etc. [España], :
Nombre del editor, distribuidor, etc. [s.d.]
Fabricante La regeneración
Fecha de publicación, distribución, etc. 2005.
300 ## - DESCRIPCIÓN FÍSICA
Extensión 57 p. :
Otras características físicas il. ;
Dimensiones 21 cm.
700 1# - PUNTO DE ACCESO ADICIONAL--NOMBRE DE PERSONA
Nombre de persona López Jiménez, Ana María
9 (RLIN) 67055
700 1# - PUNTO DE ACCESO ADICIONAL--NOMBRE DE PERSONA
Nombre de persona Aguilar Cobo, Carmen
9 (RLIN) 67056
Existencias
Estado de retiro Estado de pérdida Restricciones de uso No para préstamo Código de colección Localización permanente Ubicación/localización actual Ubicación en estantería Fecha de adquisición Número de inventario Total de préstamos Signatura topográfica completa Código de barras Fecha visto por última vez Precio válido a partir de Tipo de ítem Koha
      Excluido de préstamo Monografías: Libros y Folletos General General En catalogación 05.09.2013 LF1   xxxx xxxx 40684-10 25.06.2020 25.06.2020 No se presta

Con tecnología Koha